| 000 | 01031nam0a22002771 4500 | ||
|---|---|---|---|
| 001 | rc\3244827 | ||
| 005 | 20130115142520.7 | ||
| 021 |
_aRU _b[70-8439] |
||
| 035 | _a(NLR Aleph) 007477218 | ||
| 090 |
_a7478004 _c7478004 |
||
| 100 | _a20130115d1969 |||y0rusy50 ca | ||
| 101 | 0 | _arus | |
| 102 | _aRU | ||
| 105 | _aa z ||||| | ||
| 200 | 1 |
_aОсновы ботаники с практикумом _e[Для с.-х. вузов агр. специальностей] |
|
| 210 |
_aМосква _cВысш. школа _d1969 |
||
| 215 |
_a575 с., 1 л. схем. _cил. _d27 |
||
| 300 | _aНа пер. авт. не указан | ||
| 320 | _aУказатели рус., лат. назв. растений и предм. указатель: с. 547-571 | ||
| 606 |
_aБотаника _jУчебники и пособия _2psbo |
||
| 700 | 1 |
_aХржановский _bВ. Г. _gВладимир Геннадиевич |
|
| 801 | 0 |
_aRU _bNLR _gpsbo |
|
| 801 | 1 |
_aRU _bELAR _2rusmarc |
|
| 852 |
_aNLR _j69-7/2777 |
||
| 942 | _cBOOK | ||
| 980 | _aNB | ||